000
00311nam a22001217a 4500
003
LK-CoDNM
005
20240909094935.0
008
240905b |||||||| |||| 00| 0 eng d
040
_a
LK-CoDNM
_d
LK-CoDNM
_e
LK-CoDNM
245
_a
Ceylon Government Gazette
_b
MARCH
_c
1968
260
_a
GOVERMENT PRESS
942
_c
BK
999
_c
151245
_d
151245